[Event "OLSW 1920 SK Altenkirchen - SK Landau"]
[Site "?"]
[Date "2019.11.24"]
[Round "3.5"]
[White "Vogel, Johannes"]
[Black "Kaster, Martin"]
[Result "1/2-1/2"]
[WhiteElo "2137"]
[BlackElo "2077"]
[PlyCount "130"]
[EventDate "2019.??.??"]

1. e4 c6 2. d4 d5 3. Nc3 dxe4 4. Nxe4 Nf6 5. Nxf6+ gxf6 6. Bf4 Qb6 7. Bc1 Bf5
8. Nf3 Na6 9. Bd3 Rg8 10. c3 Bxd3 11. Qxd3 Rxg2 12. Qxh7 Qb5 13. Qe4 Rg8 14. a4
Qd5 15. Qxd5 cxd5 16. Bf4 e6 17. Ke2 Kd7 18. h4 Rh8 19. Ne1 Bd6 20. Nd3 Rae8
21. Rag1 Rh7 22. Rh3 e5 23. Be3 b6 24. h5 Nc7 25. Kd2 e4 26. Nf4 Bxf4 27. Bxf4
Ne6 28. Ke3 Reh8 29. Rgh1 Rg8 30. h6 Ng5 31. Rg3 Ke6 32. Rh5 Rg6 33. Bxg5 Rxg5
34. Rhxg5 fxg5 35. Rxg5 Rxh6 36. Rg1 Rh3+ 37. Ke2 Rf3 38. Rg8 Rf6 39. Rd8 Rg6
40. Ra8 a5 41. Ra7 Kd6 42. Rb7 Kc6 43. Rxf7 Rg1 44. b4 Ra1 45. b5+ Kd6 46. Rb7
Rxa4 47. Rxb6+ Kd7 48. Ra6 Ra2+ 49. Ke3 Rc2 50. Rxa5 Rxc3+ 51. Kf4 Rf3+ 52. Ke5
Rxf2 53. Kxd5 e3 54. Ra7+ Kd8 55. Ra1 Rb2 56. Kd6 Kc8 57. Ra8+ Kb7 58. Re8 e2
59. d5 Kb6 60. Re5 Kxb5 61. Ke6 Kc4 62. d6 Rd2 63. d7 Rxd7 64. Kxd7 Kd3 65.
Rxe2 Kxe2 1/2-1/2

[Event "OLSW 1920 SK Altenkirchen - SK Landau"]
[Site "?"]
[Date "2019.11.24"]
[Round "3.6"]
[White "Hoffmann, Thomas"]
[Black "Lang, Matthias"]
[Result "0-1"]
[WhiteElo "2032"]
[BlackElo "2158"]
[PlyCount "78"]
[EventDate "2019.??.??"]

1. d4 Nf6 2. c4 g6 3. Nc3 Bg7 4. e4 d6 5. f3 O-O 6. Be3 Nc6 7. Qd2 e5 8. d5 Ne7
9. g4 Ne8 10. h4 f5 11. gxf5 gxf5 12. O-O-O f4 13. Bf2 Bf6 14. Bh3 Ng7 15. Bxc8
Nxc8 16. h5 c5 17. h6 Ne8 18. Nh3 Nc7 19. Rdg1+ Kh8 20. Be1 Nb6 21. b3 Nd7 22.
Nf2 a6 23. Ng4 Be7 24. Bf2 b5 25. Kc2 Rb8 26. Kd3 Na8 27. Rb1 Qa5 28. Ne2 Qa3
29. Nc3 bxc4+ 30. bxc4 Rb4 31. Rb3 Rxb3 32. axb3 Rb8 33. Rb1 Rxb3 34. Rxb3 Qxb3
35. Qa2 Qxa2 36. Nxa2 Nab6 37. Be1 Kg8 38. Nc1 Kf7 39. Nb3 Nf6 0-1

[Event "OLSW 1920 SK Altenkirchen - SK Landau"]
[Site "?"]
[Date "2019.11.24"]
[Round "3.7"]
[White "Karpa, Adrian"]
[Black "Giesler, Stephan"]
[Result "1-0"]
[WhiteElo "2107"]
[BlackElo "2027"]
[PlyCount "57"]
[EventDate "2019.??.??"]

1. e4 e6 2. d3 d5 3. Nd2 Nf6 4. Ngf3 Be7 5. g3 O-O 6. Bg2 c5 7. O-O Nc6 8. Re1
Re8 9. c3 b6 10. e5 Nd7 11. Nf1 Qc7 12. Bf4 Nf8 13. Qe2 a5 14. h4 a4 15. h5 Ba6
16. N1h2 h6 17. Ng4 Nh7 18. Qd2 Bf8 19. Nh4 Rad8 20. Ng6 fxg6 21. hxg6 Ng5 22.
Bxg5 hxg5 23. Qxg5 Bxd3 24. Be4 Bxe4 25. Rxe4 Ne7 26. Qh5 Nxg6 27. Qxg6 dxe4
28. Nf6+ Kh8 29. Qh7# 1-0

[Event "OLSW 1920 SK Altenkirchen - SK Landau"]
[Site "?"]
[Date "2019.11.24"]
[Round "3.8"]
[White "Cleve-Prinz, Wolfgang"]
[Black "Schatz, Dieter"]
[Result "0-1"]
[WhiteElo "1972"]
[BlackElo "2113"]
[PlyCount "114"]
[EventDate "2019.??.??"]

1. Nf3 d5 2. c4 e6 3. b3 Nf6 4. g3 Be7 5. Bb2 O-O 6. Bg2 Nbd7 7. O-O c6 8. d3
Re8 9. Qc2 Bf8 10. Ne5 Nxe5 11. Bxe5 Ng4 12. Bb2 d4 13. Nd2 e5 14. h3 Nh6 15.
Nf3 f6 16. a3 Be6 17. Bc1 Nf7 18. Bd2 Qd7 19. Kh2 h6 20. e3 dxe3 21. Bxe3 Bf5
22. Rfd1 g5 23. Qc3 Bh7 24. d4 e4 25. Ng1 f5 26. Ne2 Bg7 27. Ra2 Qc7 28. Qc1
Rac8 29. Rad2 Qe7 30. c5 Kh8 31. b4 Bg8 32. d5 cxd5 33. Rxd5 Ne5 34. Rd6 Nd3
35. Qd2 Red8 36. Nd4 Qf8 37. f4 Rxd6 38. cxd6 Rd8 39. fxg5 hxg5 40. Ne2 Rxd6
41. Bc5 Bf6 42. Bxd6 Qxd6 43. Nc1 Bc4 44. Nxd3 exd3 45. Bf1 f4 46. Bg2 Be5 47.
Be4 Qd4 48. Qg2 fxg3+ 49. Kh1 Qe3 50. Qf3 Qxf3+ 51. Bxf3 Bf4 52. Bxb7 d2 53.
Bf3 Kg7 54. Rb1 Kf6 55. b5 Ke5 56. a4 Bd3 57. Rb2 Be4 0-1

[Event "OLSW 1920 SC Caissa Schwarzenbach - SVG "]
[Site "?"]
[Date "2019.11.24"]
[Round "3.1"]
[White "Bastian, Herbert"]
[Black "Frischmann, Rick"]
[Result "1/2-1/2"]
[WhiteElo "2296"]
[BlackElo "2329"]
[PlyCount "24"]
[EventDate "2019.??.??"]

1. e4 e5 2. Nf3 Nc6 3. Bc4 Bc5 4. c3 Nf6 5. d4 exd4 6. cxd4 Bb4+ 7. Nbd2 d5 8.
exd5 Nxd5 9. Qb3 Na5 10. Qa4+ Nc6 11. Qb3 Na5 12. Qa4+ Nc6 1/2-1/2

[Event "OLSW 1920 SC Caissa Schwarzenbach - SVG "]
[Site "?"]
[Date "2019.11.24"]
[Round "3.2"]
[White "Wild, Achim"]
[Black "Mohammad, Samir"]
[Result "0-1"]
[WhiteElo "2286"]
[BlackElo "2292"]
[PlyCount "81"]
[EventDate "2019.??.??"]

1. Nf3 Nf6 2. c4 c5 3. d4 cxd4 4. Nxd4 e6 5. Nc3 Bb4 6. g3 Ne4 7. Qb3 Qa5 8.
Nc2 Be7 9. Qb5 Qxb5 10. Nxb5 Na6 11. Bg2 Nd6 12. Nxd6+ Bxd6 13. O-O Nb4 14.
Nxb4 Bxb4 15. Rd1 Bc5 16. Bf4 Ke7 17. b4 Bxb4 18. Rab1 a5 19. Bc7 d6 20. Rd3
Ra7 21. Bb6 Ra6 22. Be3 b6 23. a3 Bc5 24. Bxc5 bxc5 25. Rb8 Rd8 26. Rdb3 Bd7
27. R8b7 Rc8 28. f4 Kd8 29. g4 Rc7 30. Rb8+ Ke7 31. Rg8 g6 32. Rbb8 d5 33. cxd5
c4 34. dxe6 Rxe6 35. Kf2 c3 36. Rb1 Rb6 37. Rxb6 c2 38. f5 gxf5 39. gxf5 Bxf5
40. Bc6 c1=Q 41. Re8+ 0-1

[Event "OLSW 1920 SC Caissa Schwarzenbach - SVG "]
[Site "?"]
[Date "2019.11.24"]
[Round "3.3"]
[White "Spielmann, Alain"]
[Black "Weller, Manuel"]
[Result "1/2-1/2"]
[WhiteElo "2204"]
[BlackElo "2257"]
[PlyCount "69"]
[EventDate "2019.??.??"]

1. d4 Nf6 2. Nf3 e6 3. Bg5 c5 4. e3 cxd4 5. exd4 b6 6. Bd3 Bb7 7. O-O Be7 8. c4
a6 9. Bh4 Bxf3 10. gxf3 Nc6 11. Bc2 Nh5 12. Bg3 Bf6 13. Nc3 Nxg3 14. hxg3 Bxd4
15. Nb5 Bxb2 16. Rb1 Bf6 17. Kg2 Be7 18. Rh1 h6 19. Nd6+ Bxd6 20. Qxd6 Qb8 21.
Qa3 Qc7 22. Rhd1 Ne5 23. Be4 Nxc4 24. Qc3 d5 25. Qxg7 Qe5 26. Qxe5 Nxe5 27.
Bxd5 Rb8 28. f4 exd5 29. fxe5 Ke7 30. Rxd5 Rhc8 31. Rd6 Rc2 32. Rbxb6 Rxb6 33.
Rxb6 Rxa2 34. Rxh6 Re2 35. Rxa6 1/2-1/2

[Event "OLSW 1920 SC Caissa Schwarzenbach - SVG "]
[Site "?"]
[Date "2019.11.24"]
[Round "3.5"]
[White "Joeres, Roman"]
[Black "Gress, Alexander"]
[Result "1-0"]
[WhiteElo "1859"]
[BlackElo "2188"]
[PlyCount "51"]
[EventDate "2019.??.??"]

1. d4 c5 2. d5 Nf6 3. c4 b5 4. cxb5 a6 5. bxa6 g6 6. Nf3 Bg7 7. g3 d6 8. Bg2
O-O 9. O-O Nbd7 10. Nc3 Nb6 11. Re1 Bxa6 12. e4 Ng4 13. h3 Ne5 14. Nxe5 Bxe5
15. Qc2 Nc4 16. Bh6 Qa5 17. Bxf8 Kxf8 18. Rac1 Rb8 19. b3 Na3 20. Qd2 Rb4 21.
Bf1 c4 22. bxc4 Bxc4 23. Nb1 Bxf1 24. Qh6+ Ke8 25. Rc8+ Kd7 26. Qf8 1-0

[Event "OLSW 1920 SC Caissa Schwarzenbach - SVG "]
[Site "?"]
[Date "2019.11.24"]
[Round "3.6"]
[White "Grewenig, Jan"]
[Black "Jenner, Meikel"]
[Result "1/2-1/2"]
[WhiteElo "2118"]
[BlackElo "1951"]
[PlyCount "90"]
[EventDate "2019.??.??"]

1. e4 c5 2. Nf3 g6 3. d4 cxd4 4. Nxd4 Nc6 5. Nc3 Bg7 6. Be3 Nf6 7. Bc4 Qa5 8.
O-O O-O 9. Bb3 d6 10. h3 Bd7 11. Re1 Rfc8 12. Qe2 a6 13. Rad1 b5 14. f4 b4 15.
Nd5 Nxd5 16. exd5 Nxd4 17. Bxd4 Bxd4+ 18. Rxd4 Qc5 19. Qd2 a5 20. Rxe7 Bb5 21.
f5 a4 22. f6 axb3 23. Kh2 Qxd4 24. Qxd4 bxc2 25. Re1 c1=Q 26. Rxc1 Rxc1 27.
Qxb4 Bc4 28. b3 Ba6 29. Qf4 Rf1 30. Qxd6 Bd3 31. a4 Rf5 32. g4 Rf2+ 33. Kg3 Re2
34. Qf4 Kh8 35. Qc7 Kg8 36. d6 Ree8 37. Qc1 Kh8 38. b4 Rxa4 39. d7 Rg8 40. Qc7
Raa8 41. d8=Q Raxd8 42. Qxf7 Be4 43. Qc7 Bd5 44. f7 Bxf7 45. Qxf7 Rgf8 1/2-1/2

[Event "OLSW 1920 SC Caissa Schwarzenbach - SVG "]
[Site "?"]
[Date "2019.11.24"]
[Round "3.7"]
[White "Zha, Kevin"]
[Black "Mueller, Max"]
[Result "1-0"]
[WhiteElo "1921"]
[BlackElo "1999"]
[PlyCount "49"]
[EventDate "2019.??.??"]

1. e4 c5 2. Nf3 d6 3. d4 cxd4 4. Nxd4 Nf6 5. Nc3 a6 6. f3 e5 7. Nb3 Be6 8. Be3
Be7 9. Qd2 O-O 10. O-O-O a5 11. Kb1 Na6 12. g4 Nb4 13. a3 a4 14. Nc1 Nc6 15.
Nb5 d5 16. g5 d4 17. gxf6 dxe3 18. Qg2 Bxf6 19. Rxd8 Raxd8 20. Bd3 Ne7 21. Qg1
Ng6 22. Qxe3 Rd7 23. Ne2 Ra8 24. Nbc3 Rdd8 25. Bb5 1-0

[Event "OLSW 1920 SF Heidesheim - Gambit Saarbrü"]
[Site "?"]
[Date "2019.11.24"]
[Round "3.1"]
[White "Pucher, Sebastien"]
[Black "Carow, Johannes"]
[Result "0-1"]
[WhiteElo "2307"]
[BlackElo "2435"]
[PlyCount "62"]
[EventDate "2019.??.??"]

1. c4 g6 2. g3 c5 3. Bg2 Bg7 4. Nc3 Nc6 5. Nf3 e5 6. O-O d6 7. a3 Nge7 8. b4 e4
9. Ng5 f5 10. Bb2 O-O 11. b5 Ne5 12. d3 exd3 13. exd3 f4 14. gxf4 Rxf4 15. Ne2
Rg4 16. f4 h6 17. Ng3 hxg5 18. fxe5 Bxe5 19. Bxe5 dxe5 20. Ne4 Kg7 21. h3 Qd4+
22. Kh2 Rf4 23. Nxg5 Bf5 24. Ne4 Rh8 25. Qe2 Rfh4 26. Nf2 e4 27. dxe4 Be6 28.
Rac1 Qe5+ 29. Kg1 Nf5 30. Ng4 Nd4 31. Qf2 Rxg4 0-1

[Event "OLSW 1920 SF Heidesheim - Gambit Saarbrü"]
[Site "?"]
[Date "2019.11.24"]
[Round "3.2"]
[White "Karst, Elmar"]
[Black "Wagner, Harald"]
[Result "1-0"]
[WhiteElo "2288"]
[BlackElo "2190"]
[PlyCount "37"]
[EventDate "2019.??.??"]

1. d4 Nf6 2. Bg5 Ne4 3. Bf4 d5 4. e3 c5 5. Bd3 cxd4 6. exd4 Nc6 7. Bxe4 dxe4 8.
d5 e5 9. Bg3 Nb4 10. Nc3 Bf5 11. a3 Na6 12. Bxe5 Bc5 13. b4 Bb6 14. Nge2 O-O
15. O-O Re8 16. Bd4 Rc8 17. Qd2 Rc4 18. Bxb6 Qxb6 19. Nd1 1-0

[Event "OLSW 1920 SF Heidesheim - Gambit Saarbrü"]
[Site "?"]
[Date "2019.11.24"]
[Round "3.3"]
[White "Gross, Georg"]
[Black "Enzmann, Steffen"]
[Result "1/2-1/2"]
[WhiteElo "2257"]
[BlackElo "2171"]
[PlyCount "116"]
[EventDate "2019.??.??"]

1. d4 Nf6 2. Nf3 g6 3. g3 Bg7 4. Bg2 O-O 5. O-O d6 6. c4 c6 7. h3 Be6 8. b3 h6
9. Nc3 d5 10. cxd5 cxd5 11. Ne5 Qc8 12. Na4 Bxh3 13. Ba3 Bxg2 14. Kxg2 b5 15.
Nc5 a5 16. Qd3 b4 17. Bb2 Na6 18. Rfc1 Nxc5 19. Rxc5 Qb7 20. Rb5 Qa7 21. a3 Ne4
22. axb4 Bxe5 23. Raxa5 Qd7 24. dxe5 e6 25. f3 Ng5 26. Qd4 Rxa5 27. Rxa5 Rb8
28. Bc1 Qe7 29. Bd2 Qd7 30. Qh4 Kg7 31. Bxg5 hxg5 32. Qxg5 Qb7 33. Qf6+ Kg8 34.
b5 Qb6 35. b4 Qe3 36. Ra2 Qb3 37. Ra7 Rf8 38. Qf4 Qb2 39. Kf2 d4 40. Rd7 Qxb4
41. Qxd4 Qxb5 42. Rd6 Qb1 43. Qh4 Qa1 44. Rd4 Qa5 45. Qg5 Rb8 46. Rd1 Qa4 47.
Rd2 Qa1 48. Kg2 Qe1 49. Rc2 Qd1 50. Qd2 Qa1 51. Qf4 Qe1 52. Qc1 Qa5 53. Qe3 Kg7
54. Qf4 Qe1 55. Qc1 Qa5 56. Rc5 Qa2 57. Rc2 Qa5 58. Rc5 Qa2 1/2-1/2

[Event "OLSW 1920 SF Heidesheim - Gambit Saarbrü"]
[Site "?"]
[Date "2019.11.24"]
[Round "3.4"]
[White "Siegismund, Annelen"]
[Black "Erhardt, Michael"]
[Result "1/2-1/2"]
[WhiteElo "2141"]
[BlackElo "2071"]
[PlyCount "64"]
[EventDate "2019.??.??"]

1. d4 d5 2. c4 e6 3. Nc3 Be7 4. Nf3 Nf6 5. cxd5 exd5 6. Bg5 c6 7. Qc2 g6 8. h3
Bf5 9. Qc1 Nbd7 10. Bh6 Ne4 11. g4 Nxc3 12. bxc3 Be4 13. Bg2 f6 14. Bf4 Nb6 15.
Kf1 Bd6 16. Ne1 Bxg2+ 17. Kxg2 O-O 18. Nd3 Nc4 19. Bxd6 Qxd6 20. Rb1 b6 21. Nb2
Na3 22. Ra1 Rae8 23. Qd2 f5 24. Rae1 f4 25. Rhf1 Re7 26. Qd3 b5 27. e4 fxe3 28.
Rxe3 Nc4 29. Rxe7 Nxb2 30. Qe2 Nd3 31. Qxd3 Qxe7 32. Qe3 Qxe3 1/2-1/2

[Event "OLSW 1920 SF Heidesheim - Gambit Saarbrü"]
[Site "?"]
[Date "2019.11.24"]
[Round "3.5"]
[White "Forthoffer, Patrick"]
[Black "Faldum, Manfred"]
[Result "1-0"]
[WhiteElo "2161"]
[BlackElo "2071"]
[PlyCount "144"]
[EventDate "2019.??.??"]

1. d4 g6 2. c4 Bg7 3. Nc3 Nf6 4. Nf3 O-O 5. g3 d6 6. Bg2 Nc6 7. O-O a6 8. Qd3
Bg4 9. d5 Bxf3 10. exf3 Ne5 11. Qe2 c5 12. f4 Ned7 13. Re1 Re8 14. Bh3 Rb8 15.
a4 Nb6 16. Bd2 Na8 17. Rad1 Nc7 18. f5 b5 19. axb5 axb5 20. cxb5 Nfxd5 21. Nxd5
Nxd5 22. fxg6 hxg6 23. Bg5 Nf6 24. Bg2 Qc7 25. Bc6 Nd7 26. Bf4 Bd4 27. h4 Rb6
28. h5 Kg7 29. hxg6 fxg6 30. Qxe7+ Rxe7 31. Rxe7+ Kg8 32. Bxd7 Kf8 33. Rde1 Be5
34. Bg5 c4 35. Bc6 Rxc6 36. Rxc7 Rxc7 37. b6 Rc5 38. Re2 Rb5 39. f4 Bd4+ 40.
Kg2 Rxb6 41. Re4 Rxb2+ 42. Kh3 Rd2 43. Be7+ Kf7 44. Bxd6 c3 45. Bb4 Rd1 46.
Re7+ Kf6 47. Rc7 Rd3 48. Bc5 Bxc5 49. Rxc5 Ke6 50. Kh4 Rf3 51. Rc8 Rd3 52. g4
Kf6 53. Rc6+ Kg7 54. Rc5 Kf6 55. Rc7 Rf3 56. Rc6+ Kg7 57. Kg5 Kh7 58. Rc7+ Kg8
59. Rc6 Kg7 60. Rc5 Kh7 61. Rc6 Kh8 62. Rxg6 c2 63. Rc6 Kg7 64. Rc7+ Kg8 65.
Rxc2 Ra3 66. Rc8+ Kf7 67. Rc7+ Kf8 68. f5 Rg3 69. Kf6 Kg8 70. g5 Ra3 71. Rc8+
Kh7 72. g6+ Kh6 1-0

[Event "OLSW 1920 SF Heidesheim - Gambit Saarbrü"]
[Site "?"]
[Date "2019.11.24"]
[Round "3.6"]
[White "Foerster, Erik"]
[Black "Haenssel, Christian"]
[Result "1-0"]
[WhiteElo "2091"]
[BlackElo "2063"]
[PlyCount "93"]
[EventDate "2019.??.??"]

1. d4 Nf6 2. g3 g6 3. Bg2 Bg7 4. e4 d6 5. Ne2 O-O 6. h3 e5 7. Nbc3 c6 8. a4
Nbd7 9. O-O Qe7 10. f4 Rd8 11. g4 exd4 12. Nxd4 Nc5 13. Re1 Ne6 14. Nxe6 fxe6
15. f5 Qc7 16. g5 Nd7 17. f6 Bf8 18. h4 e5 19. h5 Nc5 20. Qf3 Qf7 21. hxg6 Qxg6
22. Bh3 Ne6 23. Bxe6+ Bxe6 24. Re2 d5 25. exd5 cxd5 26. Rxe5 Bf7 27. Qd3 Bc5+
28. Kg2 Qxd3 29. cxd3 Bd4 30. Re7 Bg6 31. Nb5 Bb6 32. a5 Bc5 33. Rg7+ Kh8 34.
d4 Bf8 35. Rxb7 Rac8 36. Nc3 Rc4 37. Ra4 Rxa4 38. Nxa4 Re8 39. Nc3 a6 40. Bf4
Kg8 41. Be5 h6 42. Kg3 hxg5 43. Kg4 Bh6 44. Nxd5 Bf7 45. Ne7+ Kf8 46. Bd6 Be6+
47. Kh5 1-0

[Event "OLSW 1920 SF Heidesheim - Gambit Saarbrü"]
[Site "?"]
[Date "2019.11.24"]
[Round "3.7"]
[White "Pryvalov, Ivan"]
[Black "Beck, Michael"]
[Result "1/2-1/2"]
[WhiteElo "2105"]
[BlackElo "2099"]
[PlyCount "213"]
[EventDate "2019.??.??"]

1. d4 Nf6 2. c4 g6 3. Nf3 Bg7 4. e3 O-O 5. Bd3 d6 6. O-O Nc6 7. Nc3 e5 8. d5
Ne7 9. Ng5 Nd7 10. f4 h6 11. Nge4 f5 12. Ng3 e4 13. Be2 Nc5 14. Qc2 a5 15. b3
Bd7 16. Bb2 Kh7 17. Rad1 Ng8 18. Nb1 Bxb2 19. Qxb2 Qh4 20. Nh1 Qe7 21. Qd4 Nf6
22. Na3 Rg8 23. Nc2 Rg7 24. g3 Rag8 25. Qc3 b6 26. a3 h5 27. h4 Ng4 28. Nf2
Nxf2 29. Kxf2 Ra8 30. Nd4 Rgg8 31. Ra1 Qg7 32. Rfc1 Ra7 33. Qc2 Rga8 34. Ra2
Qg8 35. Rca1 Qe8 36. b4 Nb7 37. Bd1 Qf7 38. Qb2 Qg7 39. Qb1 Qf7 40. Bb3 Qe8 41.
Qd1 Ra6 42. Ne2 R6a7 43. Ke1 Qe7 44. Nc3 Qg7 45. Kd2 Qf7 46. Ke1 Qg7 47. Qd2 a4
48. Bd1 Rc8 49. Rc1 Qe7 50. Be2 Be8 51. Rac2 Bd7 52. Qd4 Qg7 53. Qd1 Qe7 54.
Bf1 Be8 55. Ne2 Bd7 56. Nd4 Qe8 57. Be2 Kg8 58. Rc3 Kh7 59. R1c2 Qf7 60. Qc1
Kh6 61. Rd2 Qe8 62. Bd1 Kh7 63. Qb2 Qe7 64. Rc1 Qg7 65. Rdc2 Kh6 66. Be2 Kh7
67. Nb5 Qxb2 68. Rxb2 Bxb5 69. cxb5 Nd8 70. Kd2 Kg7 71. Kc3 Kf6 72. Kd4 Ke7 73.
Rbc2 Kd7 74. Rc3 Nf7 75. Bd1 Nh6 76. Rc6 Ng8 77. R6c2 Nf6 78. Rh2 Raa8 79. Bc2
Ra7 80. Rch1 Raa8 81. Rg2 Rh8 82. Bb1 Ra7 83. Rc1 Raa8 84. Rgc2 Rhc8 85. Rd2
Re8 86. Kc4 Ra7 87. Rd4 Raa8 88. Kc3 Ra7 89. Kd2 Raa8 90. Rc3 Ra7 91. Bc2 Rc8
92. Ke2 Raa8 93. Kf2 Ra7 94. Kg2 Raa8 95. Bb1 Ra7 96. Ba2 Raa8 97. Rd1 Ra7 98.
Rdc1 Raa8 99. Bc4 Ra7 100. Rd1 Raa8 101. Be2 Ra7 102. Rd4 Raa8 103. Bd1 Ra7
104. Bc2 Re8 105. Rd1 Raa8 106. Rc4 Ra7 107. Rc3 1/2-1/2

[Event "OLSW 1920 SF Heidesheim - Gambit Saarbrü"]
[Site "?"]
[Date "2019.11.24"]
[Round "3.8"]
[White "Hettergott, Thomas"]
[Black "Bastian, Martin"]
[Result "0-1"]
[WhiteElo "2054"]
[BlackElo "2095"]
[PlyCount "78"]
[EventDate "2019.??.??"]

1. e4 c6 2. d4 d5 3. Nc3 g6 4. Be2 Bg7 5. e5 h5 6. f4 Nh6 7. Nf3 Bf5 8. O-O e6
9. b4 Bf8 10. Rb1 Be7 11. Rb3 Nd7 12. b5 c5 13. Ba3 Qa5 14. Qd2 cxd4 15. Nxd5
Qxd2 16. Nc7+ Kd8 17. Nxd2 Rc8 18. Bxe7+ Kxe7 19. b6 axb6 20. Nb5 Rxc2 21. Rd1
Nc5 22. Ra3 Rd8 23. Bf3 Ng4 24. Bxg4 Bxg4 25. Nf3 d3 26. Nd6 f6 27. Ra7 Bxf3
28. gxf3 fxe5 29. fxe5 Re2 30. f4 g5 31. fxg5 Rxe5 32. Nc4 Rxg5+ 33. Kf2 Rd4
34. Nxb6 Re4 35. Nc8+ Kd7 36. Nb6+ Kc6 37. Nc8 Re2+ 38. Kf3 Rf5+ 39. Kg3 Ne4+
0-1

[Event "OLSW 1920 SK Gau-Algesheim - SK Frankent"]
[Site "?"]
[Date "2019.11.24"]
[Round "3.1"]
[White "Syrov, Arkadi"]
[Black "Ovsejevitsch, Sergei"]
[Result "0-1"]
[WhiteElo "2352"]
[BlackElo "2598"]
[PlyCount "106"]
[EventDate "2019.??.??"]

1. e4 e5 2. Nf3 Nc6 3. Bb5 Nf6 4. O-O Nxe4 5. Re1 Nd6 6. Nxe5 Be7 7. Bf1 O-O 8.
Nf3 Ne8 9. d4 d5 10. c3 Bd6 11. Bd3 Ne7 12. Nh4 g6 13. Bh6 Ng7 14. Na3 c6 15.
Nc2 Kh8 16. Qd2 Ng8 17. Bg5 Qc7 18. g3 Bh3 19. Ne3 Ne6 20. Neg2 Nxg5 21. Qxg5
Qd8 22. Qd2 Qf6 23. Re3 Rae8 24. Rae1 Rxe3 25. Qxe3 Bg4 26. Qd2 Bd7 27. Ne3 Re8
28. Nc2 Rxe1+ 29. Nxe1 Kg7 30. Qe3 Qe7 31. Nc2 Qxe3 32. Nxe3 Ne7 33. Kg2 b6 34.
a4 c5 35. Bb5 Bc8 36. Bd3 cxd4 37. cxd4 Nc6 38. Nc2 Na5 39. Kf3 Nc4 40. Bxc4
dxc4 41. Ke4 Bb7+ 42. d5 f5+ 43. Kd4 Bc5+ 44. Ke5 Bxf2 45. Nf3 Kf7 46. Na3 Ba6
47. Nb5 Ke7 48. Nxa7 Kd7 49. Nc6 Bb7 50. Ncd4 Be3 51. Ne2 Bh6 52. Kd4 Bg7+ 53.
Kxc4 Ba6+ 0-1

[Event "OLSW 1920 SK Gau-Algesheim - SK Frankent"]
[Site "?"]
[Date "2019.11.24"]
[Round "3.2"]
[White "Bauer, Bjoern-Benny"]
[Black "Fulea, Dan"]
[Result "1/2-1/2"]
[WhiteElo "2199"]
[BlackElo "2218"]
[PlyCount "44"]
[EventDate "2019.??.??"]

1. d4 Nf6 2. c4 c5 3. d5 e6 4. Nc3 exd5 5. cxd5 d6 6. e4 g6 7. Be2 Bg7 8. Nf3
O-O 9. O-O a6 10. a4 Re8 11. Nd2 Nbd7 12. Qc2 Rb8 13. Nc4 Nb6 14. Ne3 Bd7 15.
a5 Na8 16. Nc4 Bb5 17. Bf4 Bxc4 18. Bxc4 Nc7 19. Rfe1 Nh5 20. Bd2 Be5 21. g3
Qf6 22. f4 Bd4+ 1/2-1/2

[Event "OLSW 1920 SK Gau-Algesheim - SK Frankent"]
[Site "?"]
[Date "2019.11.24"]
[Round "3.3"]
[White "Syska, Albert"]
[Black "Kling, Felix"]
[Result "1-0"]
[WhiteElo "2204"]
[BlackElo "2163"]
[PlyCount "141"]
[EventDate "2019.??.??"]

1. e4 e5 2. Nf3 Nf6 3. Qe2 Nc6 4. c4 Bc5 5. h3 d6 6. d3 h6 7. Be3 Be6 8. a3 O-O
9. Nbd2 Nd7 10. g4 Rb8 11. Rc1 Re8 12. Bg2 Nf8 13. b4 Bxe3 14. fxe3 Ng6 15. O-O
Nce7 16. Rfd1 c6 17. Nf1 d5 18. Ng3 dxc4 19. dxc4 Qc7 20. Nf5 Red8 21. c5 Bxf5
22. exf5 Nf8 23. e4 Rxd1+ 24. Rxd1 Rd8 25. Rxd8 Qxd8 26. Kh1 Nd7 27. Qb2 Qc7
28. h4 Kf8 29. g5 hxg5 30. hxg5 b6 31. cxb6 axb6 32. Bf1 Qd6 33. Qd2 Qxd2 34.
Nxd2 b5 35. Kg2 Nc8 36. Kf3 Ke7 37. Ke3 Kd6 38. Bh3 Ncb6 39. Bf1 Kc7 40. Be2
Nc8 41. Bd1 Ndb6 42. Bb3 Nd6 43. Kd3 Kd7 44. Nf3 Nbc4 45. Bxc4 Nxc4 46. a4 Kd6
47. a5 Kd7 48. Nh2 c5 49. Kc3 Nd6 50. bxc5 Nxe4+ 51. Kb4 Kc6 52. Ng4 f6 53.
gxf6 gxf6 54. a6 Nxc5 55. a7 Na6+ 56. Ka5 Nc7 57. Nxf6 Kb7 58. Ne4 Kxa7 59. f6
Ne6 60. Kxb5 Kb8 61. Kc6 Kc8 62. Kd6 Nf8 63. Ke7 Ng6+ 64. Kf7 Nf4 65. Ke8 Ng6
66. f7 Kc7 67. Nd2 Kd6 68. Nf3 Kd5 69. Nh4 Nxh4 70. f8=Q e4 71. Qf7+ 1-0

[Event "OLSW 1920 SK Gau-Algesheim - SK Frankent"]
[Site "?"]
[Date "2019.11.24"]
[Round "3.4"]
[White "Frede, Lennart"]
[Black "Prestel, Oliver"]
[Result "1/2-1/2"]
[WhiteElo "2183"]
[BlackElo "2133"]
[PlyCount "84"]
[EventDate "2019.??.??"]

1. Nf3 d5 2. g3 Bg4 3. Bg2 Nd7 4. O-O e6 5. d3 Bd6 6. Nc3 c6 7. e4 Ne7 8. Re1
O-O 9. h3 Bxf3 10. Bxf3 Kh8 11. exd5 exd5 12. Ne2 Nf5 13. Bg4 Qf6 14. d4 Nb6
15. Qd3 Nh6 16. Bf3 Nf5 17. Bd2 Nc4 18. Bc3 Bc7 19. b3 Ncd6 20. Bd2 Rad8 21.
Bf4 Nb5 22. Bxc7 Nxc7 23. c3 Ne6 24. Bg4 Nd6 25. Qf3 Qh6 26. Bxe6 fxe6 27. Nf4
Ne4 28. h4 Rf5 29. c4 Rdf8 30. cxd5 exd5 31. Rxe4 dxe4 32. Qxe4 Rxf4 33. gxf4
Qxh4 34. Re1 h6 35. f5 Qg5+ 36. Qg2 Qxf5 37. Re7 Qf6 38. Rxb7 Re8 39. Qg3 Re1+
40. Kh2 Qxd4 41. Rf7 Kg8 42. Qf4 Qc5 1/2-1/2

[Event "OLSW 1920 SK Gau-Algesheim - SK Frankent"]
[Site "?"]
[Date "2019.11.24"]
[Round "3.5"]
[White "Geyer, Bernhard"]
[Black "Friedrich, Marius"]
[Result "1-0"]
[WhiteElo "2147"]
[BlackElo "2086"]
[PlyCount "117"]
[EventDate "2019.??.??"]

1. d4 d5 2. g3 Nf6 3. Bg2 g6 4. Nc3 Bg7 5. Bg5 c6 6. Qd2 h6 7. Bf4 g5 8. Be5
Nbd7 9. f4 g4 10. h3 gxh3 11. Nxh3 Nxe5 12. fxe5 Bxh3 13. exf6 Bxg2 14. fxg7
Rg8 15. Rxh6 Qc7 16. Qg5 O-O-O 17. Kf2 Be4 18. Nxe4 dxe4 19. Rah1 f6 20. Qg4+
Qd7 21. Qxd7+ Kxd7 22. Rg6 Ke6 23. Ke3 Kf7 24. Rg4 f5 25. Rf1 e6 26. Rxe4 Rxg7
27. g4 Kf6 28. gxf5 exf5 29. Ref4 Rg5 30. Kd3 c5 31. c3 cxd4 32. cxd4 Ke6 33.
e3 Rh8 34. R1f2 Rh1 35. R4f3 Rd1+ 36. Kc3 Re1 37. a3 a6 38. Rc2 Rgg1 39. Kb4
Rc1 40. Rcf2 Rg5 41. Rh3 Kd5 42. Rh8 Rc7 43. Re8 Rf7 44. Re5+ Kd6 45. e4 Rg4
46. Rd5+ Kc6 47. Rc2+ Kb6 48. Rd6+ Ka7 49. e5 Re4 50. Rf2 f4 51. Kc4 f3 52. Kd3
Rff4 53. Rxf3 Rxd4+ 54. Rxd4 Rxf3+ 55. Ke4 Rf2 56. Kd5 Kb6 57. Kd6 a5 58. b4
Re2 59. e6 1-0

[Event "OLSW 1920 SK Gau-Algesheim - SK Frankent"]
[Site "?"]
[Date "2019.11.24"]
[Round "3.7"]
[White "Johann, Christof"]
[Black "Grieb, Lukas"]
[Result "1-0"]
[WhiteElo "2113"]
[BlackElo "1790"]
[PlyCount "79"]
[EventDate "2019.??.??"]

1. e4 c5 2. Nf3 Nc6 3. d4 cxd4 4. Nxd4 Nf6 5. Nc3 e6 6. Ndb5 d6 7. Bf4 e5 8.
Bg5 a6 9. Na3 b5 10. Bxf6 gxf6 11. Nd5 Be7 12. c3 f5 13. Bd3 Be6 14. O-O f4 15.
Nc2 h5 16. a4 Rb8 17. Ncb4 Nxb4 18. Nxb4 Bg4 19. Be2 Qd7 20. Nxa6 Rb6 21. axb5
Rg8 22. Kh1 h4 23. Nc7+ Qxc7 24. Bxg4 Qc4 25. Bf5 Qxb5 26. b4 Qc4 27. Qf3 Rg5
28. Rfd1 Ra6 29. Rxa6 Qxa6 30. Qd3 Qa2 31. Kg1 f6 32. Qb5+ Kf8 33. Qb8+ Kf7 34.
Qb5 f3 35. g3 Qc2 36. Qd5+ Kg7 37. Qd2 Qb3 38. g4 Qc4 39. h3 Kh6 40. Qe3 {Zeit}
1-0

[Event "OLSW 1920 SK Gau-Algesheim - SK Frankent"]
[Site "?"]
[Date "2019.11.24"]
[Round "3.8"]
[White "Tepen, Philipp"]
[Black "Tresch, Lukas"]
[Result "1/2-1/2"]
[WhiteElo "2047"]
[BlackElo "2042"]
[PlyCount "127"]
[EventDate "2019.??.??"]

1. d4 Nf6 2. Nf3 e6 3. Bg5 c5 4. c3 b6 5. e3 Bb7 6. Nbd2 h6 7. Bh4 Be7 8. h3 d6
9. Bd3 Nbd7 10. O-O e5 11. dxe5 dxe5 12. Bb5 a6 13. Bxd7+ Nxd7 14. Bxe7 Qxe7
15. e4 O-O 16. Qc2 Rfe8 17. Nc4 Qe6 18. b3 Rad8 19. Rad1 Nf6 20. Rxd8 Rxd8 21.
Rd1 Rxd1+ 22. Qxd1 Nxe4 23. Qd8+ Kh7 24. Nxb6 Nf6 25. Nd2 Qc6 26. f3 Qe6 27.
Na4 Qc6 28. Nc4 Qd7 29. Qb6 Qd1+ 30. Kh2 Bxf3 31. Qxc5 Qe2 32. Qg1 Nh5 33. Qb1+
Be4 34. Qb2 Qf1 35. Nc5 Ba8 36. Qd2 Nf4 37. Ne3 Qb1 38. Qc2+ Qxc2 39. Nxc2 Bxg2
40. Nxa6 Bxh3 41. Nc7 g5 42. a4 h5 43. a5 h4 44. Ne3 Kg6 45. a6 Bc8 46. a7 Bb7
47. a8=Q Bxa8 48. Nxa8 f5 49. b4 g4 50. b5 g3+ 51. Kh1 h3 52. b6 Nd3 53. Nf1
g2+ 54. Kg1 gxf1=Q+ 55. Kxf1 Nc5 56. Nc7 Kf7 57. Nd5 f4 58. Kg1 Ke6 59. c4 Kf5
60. Kh2 e4 61. Kxh3 e3 62. Nc3 Ke5 63. Kg4 Kd4 64. Kxf4 1/2-1/2